Las Otras Grandes Vías. Miradas a su tiempo / (Record no. 10948)

MARC details
000 -LEADER
campo de control de longitud fija 00291nam a2200097Ia 4500
005 - FECHA Y HORA DE LA ÚLTIMA TRANSACCIÓN
campo de control 20260328104311.0
008 - DATOS DE LONGITUD FIJA--INFORMACIÓN GENERAL
campo de control de longitud fija 260328s9999||||xx |||||||||||||| ||und||
100 ## - ENTRADA PRINCIPAL--NOMBRE DE PERSONA
Nombre de persona Sánchez Lampreave, Ricardo
245 #0 - MENCIÓN DEL TÍTULO
Título Las Otras Grandes Vías. Miradas a su tiempo /
Mención de responsabilidad, etc. Ricardo Sánchez Lampreave
942 ## - ELEMENTOS DE ENTRADA SECUNDARIOS (KOHA)
Tipo de ítem Koha Libros
Holdings
Estatus retirado Estado de pérdida Estado de daño No para préstamo Colección Biblioteca de origen Biblioteca actual Ubicación en estantería Fecha de adquisición Número de inventario Total de préstamos Código de barras Visto por última vez Copia número Precio de reemplazo Tipo de ítem Koha
        General Biblioteca Gonzalo Peláez Caldas Biblioteca Gonzalo Peláez Caldas Colección general 28/03/2026 5190   5190 28/03/2026 1 28/03/2026 Libros